000 00380pab a2200157 454500
008 180718b1987 xxu||||| |||| 00| 0 eng d
100 _aNauriyal, D.K.
245 _aDimensions of poverty
_bThe Indian case
260 _c1987
300 _a1-12
362 _aSept.
650 _aPoverty - India
700 _aC.S. Raghuvanshi
773 _aMan and Development
909 _a15853
999 _c15853
_d15853